<?xml version="1.0" encoding="UTF-8"?>
<record
    xmlns:xsi="http://www.w3.org/2001/XMLSchema-instance"
    xsi:schemaLocation="http://www.loc.gov/MARC21/slim http://www.loc.gov/standards/marcxml/schema/MARC21slim.xsd"
    xmlns="http://www.loc.gov/MARC21/slim">

  <leader>04614cam a22004694i 4500</leader>
  <controlfield tag="003">PE-LiUPU</controlfield>
  <controlfield tag="005">20250731165423.0</controlfield>
  <controlfield tag="008">160114s2011    pe a   grm    000 0 spa d</controlfield>
  <datafield tag="035" ind1=" " ind2=" ">
    <subfield code="a">(Sirsi) a155754</subfield>
  </datafield>
  <datafield tag="040" ind1=" " ind2=" ">
    <subfield code="a">PE-LiUPU</subfield>
    <subfield code="b">spa</subfield>
    <subfield code="c">PE-LiUPU</subfield>
    <subfield code="e">rda</subfield>
  </datafield>
  <datafield tag="082" ind1="0" ind2="4">
    <subfield code="a">658.45</subfield>
    <subfield code="b">Q73 T3</subfield>
  </datafield>
  <datafield tag="099" ind1=" " ind2=" ">
    <subfield code="a">TA 3</subfield>
    <subfield code="b">Q73 2011</subfield>
  </datafield>
  <datafield tag="100" ind1="1" ind2=" ">
    <subfield code="a">Quispe Gonzales, Juan F&#xE9;lix</subfield>
    <subfield code="e">autor</subfield>
  </datafield>
  <datafield tag="245" ind1="1" ind2="3">
    <subfield code="a">La valoraci&#xF3;n del personal sobre la comunicaci&#xF3;n interna en la Universidad Peruana Uni&#xF3;n, Filial Juliaca /</subfield>
    <subfield code="c">Juan F&#xE9;lix Quispe Gonzales.</subfield>
  </datafield>
  <datafield tag="264" ind1=" " ind2="0">
    <subfield code="c">2011.</subfield>
  </datafield>
  <datafield tag="300" ind1=" " ind2=" ">
    <subfield code="a">78 hojas : </subfield>
    <subfield code="b">ilustraciones;</subfield>
    <subfield code="c">30 cm</subfield>
  </datafield>
  <datafield tag="336" ind1=" " ind2=" ">
    <subfield code="a">text</subfield>
    <subfield code="2">rdacontent</subfield>
  </datafield>
  <datafield tag="337" ind1=" " ind2=" ">
    <subfield code="a">unmediated</subfield>
    <subfield code="2">rdamedia</subfield>
  </datafield>
  <datafield tag="338" ind1=" " ind2=" ">
    <subfield code="a">volume</subfield>
    <subfield code="2">rdacarrier</subfield>
  </datafield>
  <datafield tag="502" ind1=" " ind2=" ">
    <subfield code="a">Tesis</subfield>
    <subfield code="b">(Mg.) -- </subfield>
    <subfield code="c">Universidad Peruana Uni&#xF3;n,</subfield>
    <subfield code="d">2011.</subfield>
  </datafield>
  <datafield tag="504" ind1=" " ind2=" ">
    <subfield code="a">Incluye referencias</subfield>
  </datafield>
  <datafield tag="520" ind1="3" ind2=" ">
    <subfield code="a">El presente trabajo de investigaci&#xF3;n se titula: "La valoraci&#xF3;n el personal sobre la comunicaci&#xF3;n interna en la Universidad Peruana Uni&#xF3;n, filial Juliaca". La comunicaci&#xF3;n es la transmisi&#xF3;n de informaci&#xF3;n de una persona a otra o de una organizaci&#xF3;n a otra. M&#xE1;s aun, la comunicaci&#xF3;n interna es el proceso mediante el cual la informaci&#xF3;n es intercambiada, comprendida y compartida por dos o m&#xE1;s personas haciendo din&#xE1;mica las acciones en el seno de la instituci&#xF3;n. La comunicaci&#xF3;n interna act&#xFA;a como un lubricante, juega un papel importante en toda empresa, una buena comunicaci&#xF3;n puede significar eficiencia, coordinaci&#xF3;n y organizaci&#xF3;n, mientras que una mala comunicaci&#xF3;n interna puede dar origen a retrasos, malentendidos y conflictos internos. El presente proyecto de tesis, surge debido al problema que existe en el mercado global, en el que sobresale la competitividad y, por ende, la gran necesidad de administrar adecuadamente las informaciones comenzando desde el interior de la organizaci&#xF3;n. Debido a esto, planteamos la idea de que a partir de los resultados de la tesis, se pueden dise&#xF1;ar e implementar un sistema eficaz de comunicaci&#xF3;n interna en la Universidad Peruana Uni&#xF3;n, filial Juliaca. Este estudio tiene por objetivo determinar cu&#xE1;l es la valoraci&#xF3;n del personal sobre la comunicaci&#xF3;n interna en la Universidad Peruana Uni&#xF3;n, filial Juliaca. La investigaci&#xF3;n es descriptiva, debido a que se caracteriza, analiza e interpreta los resultados del comportamiento de las dimensiones de la variable o componentes. El dise&#xF1;o de la investigaci&#xF3;n es no experimental y transversal, porque se obtuvieron los datos en un momento dado y en un tiempo &#xFA;nico, sin manipular la variable, con el prop&#xF3;sito de describir la variable de la comunicaci&#xF3;n interna de la Universidad Peruana Uni&#xF3;n, filial Juliaca por medio de la valoraci&#xF3;n de los trabajadores del &#xE1;rea acad&#xE9;mica. El proyecto de tesis fue conformado por la poblaci&#xF3;n de 164 trabajadores a tiempo completo, seg&#xFA;n planilla del per&#xED;odo 2009 en sus diversas &#xE1;reas de la Universidad Peruana Uni&#xF3;n, filial Juliaca. Para la determinaci&#xF3;n de la muestra respectiva, se aplic&#xF3; el muestreo probabil&#xED;stico ya que todos los miembros de la poblaci&#xF3;n tienen la misma posibilidad de ser elegidos. Se obtuvo una muestra de 55 colaboradores para ser encuestados pertenecientes al &#xE1;rea acad&#xE9;mica a tiempo completo. En cuanto a la instrumentaci&#xF3;n, se aplic&#xF3; un cuestionario conformado por 42 preguntas cerradas o de opci&#xF3;n m&#xFA;ltiple, tipo escala de valoraci&#xF3;n de Likert. Lleg&#xF3; a la conclusi&#xF3;n de que la valoraci&#xF3;n del personal sobre la comunicaci&#xF3;n interna en la Universidad Peruana Uni&#xF3;n, filial Juliaca es de 37.7%. En consecuencia, casi siempre la comunicaci&#xF3;n interna ha actuado como un lubricante de la Universidad, porque desde el punto de vista de la organizaci&#xF3;n, fue un elemento que casi siempre hizo din&#xE1;mica las acciones dentro de la organizaci&#xF3;n respecto a la comunicaci&#xF3;n sobre el desempe&#xF1;o laboral, pol&#xED;ticas de gesti&#xF3;n, la situaci&#xF3;n financiera y situaci&#xF3;n acad&#xE9;mica en las dimensiones descendente y ascendente en la gesti&#xF3;n 2009.</subfield>
  </datafield>
  <datafield tag="526" ind1=" " ind2=" ">
    <subfield code="a">SEG44</subfield>
  </datafield>
  <datafield tag="526" ind1=" " ind2=" ">
    <subfield code="a">SEG26</subfield>
  </datafield>
  <datafield tag="526" ind1=" " ind2=" ">
    <subfield code="a">P151</subfield>
  </datafield>
  <datafield tag="526" ind1=" " ind2=" ">
    <subfield code="a">P150</subfield>
  </datafield>
  <datafield tag="526" ind1=" " ind2=" ">
    <subfield code="a">P149</subfield>
  </datafield>
  <datafield tag="526" ind1=" " ind2=" ">
    <subfield code="a">P146</subfield>
  </datafield>
  <datafield tag="526" ind1=" " ind2=" ">
    <subfield code="a">P145</subfield>
  </datafield>
  <datafield tag="526" ind1=" " ind2=" ">
    <subfield code="a">P126</subfield>
  </datafield>
  <datafield tag="526" ind1=" " ind2=" ">
    <subfield code="a">P125</subfield>
  </datafield>
  <datafield tag="526" ind1=" " ind2=" ">
    <subfield code="a">P92</subfield>
  </datafield>
  <datafield tag="526" ind1=" " ind2=" ">
    <subfield code="a">P75</subfield>
  </datafield>
  <datafield tag="526" ind1=" " ind2=" ">
    <subfield code="a">P74</subfield>
  </datafield>
  <datafield tag="526" ind1=" " ind2=" ">
    <subfield code="a">P27</subfield>
  </datafield>
  <datafield tag="526" ind1=" " ind2=" ">
    <subfield code="a">P15</subfield>
  </datafield>
  <datafield tag="650" ind1="0" ind2="4">
    <subfield code="a">Comunicaci&#xF3;n organizacional</subfield>
    <subfield code="v">Tesis.</subfield>
  </datafield>
  <datafield tag="610" ind1="2" ind2=" ">
    <subfield code="a">Universidad Peruana Uni&#xF3;n, Filial Juliaca</subfield>
    <subfield code="x">Comunicaci&#xF3;n organizacional</subfield>
    <subfield code="v">Tesis.</subfield>
  </datafield>
  <datafield tag="596" ind1=" " ind2=" ">
    <subfield code="a">1</subfield>
  </datafield>
  <datafield tag="942" ind1=" " ind2=" ">
    <subfield code="2">ddc</subfield>
    <subfield code="c">TESIS</subfield>
  </datafield>
  <datafield tag="999" ind1=" " ind2=" ">
    <subfield code="a">TA 3 Q73 2011</subfield>
    <subfield code="w">ALPHANUM</subfield>
    <subfield code="c">8427</subfield>
    <subfield code="i">T01227</subfield>
    <subfield code="d">8427</subfield>
    <subfield code="l">CCODEBUL3</subfield>
    <subfield code="m">BUL</subfield>
    <subfield code="q">1</subfield>
    <subfield code="r">1</subfield>
    <subfield code="s">Y</subfield>
    <subfield code="t">TESIS</subfield>
    <subfield code="u">2016-1-14</subfield>
    <subfield code="x">POSGRADO</subfield>
    <subfield code="P">P47</subfield>
    <subfield code="o">.STAFF. Tesis</subfield>
  </datafield>
  <datafield tag="980" ind1=" " ind2=" ">
    <subfield code="8">1</subfield>
    <subfield code="g">ALBERTO SANCHEZ Responsable de Automatizaci&#xF3;n</subfield>
  </datafield>
  <datafield tag="952" ind1=" " ind2=" ">
    <subfield code="r">2018-04-24 00:00:00</subfield>
    <subfield code="l">0</subfield>
    <subfield code="o">TA 3 Q73 2011</subfield>
    <subfield code="p">T01227</subfield>
    <subfield code="t">e1</subfield>
    <subfield code="w">2016-01-14</subfield>
    <subfield code="x">PG</subfield>
    <subfield code="y">TESIS</subfield>
    <subfield code="z">Este &#xCD;tem NO se presta por ser Ejemplar #1.</subfield>
    <subfield code="1">0</subfield>
    <subfield code="2">ddc</subfield>
    <subfield code="7">1</subfield>
    <subfield code="8">TESIS</subfield>
    <subfield code="f">P47</subfield>
    <subfield code="a">BUL</subfield>
    <subfield code="b">BUL</subfield>
    <subfield code="c">TESIS</subfield>
    <subfield code="d">2016-01-14</subfield>
  </datafield>
</record>
